000 00659nam a2200193 a 4500
001 000030476
003 DO-SdBNP
005 20250714105710.0
008 110518s1981 dr a 000 0 spa d
040 _aDO-SdBNP
_bspa
_cBNPHU
082 4 _axxx
_bC965
110 2 _aBanco Central de la República Dominicana
_983405
245 1 0 _aCuentas nacionales 1975-1979 :
_bproducto nacional bruto /
_cpresentación ; Ramón Reynoso V.
260 _aSanto Domingo :
_bBanco Central de la Republica Dominicana,
_c1981.
300 _a87 p. :
_bil. ;
_c28 cm.
500 _aIncluye notas al pie de las páginas
700 1 _aReynoso V., Ramón
_957104
942 _2ddc
_cLBS1
999 _c29968
_d29968